Statistics for Central America Geography Quiz

Click here to take the quiz!

General Stats

  • This quiz has been taken 383 times
    (265 since last reset)
  • The average score is 12 of 20

Answer Stats

QuestionAnswer% Correct
What is the official language of Belize?English
96%
What Atlantic sea does Central America border?Caribbean Sea
95%
What does the name of "El Salvador" mean in Spanish?The {Savior}
89%
What major Mexican peninsula also includes parts of Belize and Guatemala?Yucatán
87%
What city in California shares its name with one of the Central American capitals?San José
84%
What is the most popular sport in both Panama and Nicaragua?Baseball
79%
What is the capital of Belize?Belmopan
78%
What country made the first attempt to build the Panama Canal?France
75%
What is the most metropolitan area in Central America?Guatemala City
73%
What lake in Central America infested with freshwater sharks?Lake {Nicaragua}
70%
What insect has the namesake of the former British colony in eastern Nicaragua?{Mosquito} Coast
65%
What is the name of the major lake the Nicaraguan capital lies on?Lake {Managua}
57%
What is the name of the swampy region of Panama with no roads going through it?{Darién} Gap
45%
For what green bird is the currency of Guatemala named?Quetzal
44%
After what Spanish city is the second most populated city proper in Nicaragua named?León
26%
What ocean gulf borders Honduras, Guatemala and Belize?Gulf of {Honduras}
26%
What is the most populous metropolitan area in Honduras?San Pedro Sula
25%
What ancient city in Guatemala was the capital of the ancient Mayans?Tikal
24%
What famous volcano in Costa Rica was erupted in 1968?Arenal
15%
What archipelago in Panama is home to the Guna people?San Blas
6%

Score Distribution

Percentile by Number Answered

Percent of People with Each Score

Your Score History

You have not taken this quiz since the last reset